00429cam a2200157ua 45000010005000000080039000050400009000440820013000531000022000662450060000882500009001482600033001573000017001906530024002076530040002313417120217n ii |||gr||||Z||||||asm cMAIN a891.4514 aBorkataky, Biren,11aAsamiya sahitya sanskritir duti aticby Biren Borkataky a1st. aSibsagarh:bDeka agency,970. a144p:c23cm. aAssamese literature aAsamiya sahitya sanskritir duti ati